Think like a man /
Based on Steve Harvey's relationship self-help book, Act Like a Lady, Think Like a Man. Four women have decided to take the advice in Harvey's book and use the recommendations to get their men on track. When the men discover this, they try to turn the tables on their women.
| Corporate Authors: | , , , |
|---|---|
| Other Authors: | , , , , , , , , , |
| Format: | Video DVD |
| Language: | English French Spanish Portuguese Thai |
| Language Notes: | English, French, Spanish, Portuguese or Thai dialogue; Chinese, English, French, Korean, Portuguese, Spanish or Thai subtitles; subtitles for the deaf and hard of hearing. |
| Published: |
[United States] : Culver City, CA :
Columbia ; Sony Pictures Home Entertainment,
[2012]
|
| Subjects: | |
| Online Access: | Credits from Internet movie database |
MARC
| Tag | First Indicator | Second Indicator | Subfields |
|---|---|---|---|
| LEADER | 00000cgm a2200000Ia 4500 | ||
| 001 | in00002781523 | ||
| 005 | 20160611063058.0 | ||
| 007 | vd cvaizq | ||
| 008 | 120615s2012 xxu122 e vleng d | ||
| 024 | 1 | |a 043396401006 | |
| 028 | 4 | 2 | |a 40100 |b Sony Pictures Home Entertainment |
| 035 | |a (OCoLC)798373693 | ||
| 035 | |a (OCoLC)ocn798373693 | ||
| 040 | |a LPU |c LPU |d OCLCO |d TEF |d TXA |d UtOrBLW | ||
| 041 | 1 | |a eng |a fre |a eng |a spa |a por |a tha |j chi |j fre |j kor |j por |j spa |j tha |h eng | |
| 049 | |a TXAM | ||
| 050 | 4 | |a PN1997.2 |b .T45 2012 | |
| 082 | 0 | 4 | |a 791.43/72 |2 23 |
| 090 | |a PN1997.2 |b .T4794 2012 | ||
| 245 | 0 | 0 | |a Think like a man / |c Screen Gems presents a Rainforest Films production ; produced by Will Packer ; writers, Keith Merryman & David A. Newman ; directed by Tim Story. |
| 264 | 1 | |a [United States] : |b Columbia ; |a Culver City, CA : |b Sony Pictures Home Entertainment, |c [2012] | |
| 300 | |a 1 videodisc (approximately 122 min.) : |b sound, color ; |c 4 3/4 in. | ||
| 336 | |a two-dimensional moving image |b tdi |2 rdacontent | ||
| 337 | |a video |b v |2 rdamedia | ||
| 338 | |a videodisc |b vd |2 rdacarrier | ||
| 538 | |a DVD; region 1; anamorphic widescreen (2.35:1) presentation; Dolby Digital 5.1. | ||
| 546 | |a English, French, Spanish, Portuguese or Thai dialogue; Chinese, English, French, Korean, Portuguese, Spanish or Thai subtitles; subtitles for the deaf and hard of hearing. | ||
| 511 | 1 | |a Gabrielle Union, Chris Brown, Taraji P. Henson, Michael Ealy, Kevin Hart. | |
| 500 | |a Based upon the book "Act like a lady, think like a man" by Steve Harvey. | ||
| 500 | |a Originally released as a motion picture in 2012. | ||
| 521 | 8 | |a Rated PG-13; for sexual content, some crude humor and brief drug use |a CHV rating: PG. | |
| 520 | |a Based on Steve Harvey's relationship self-help book, Act Like a Lady, Think Like a Man. Four women have decided to take the advice in Harvey's book and use the recommendations to get their men on track. When the men discover this, they try to turn the tables on their women. | ||
| 500 | |a Special features: Bartender lends advice; gag reel. | ||
| 500 | |a Videorecording. | ||
| 650 | 0 | |a Man-woman relationships |v Drama. | |
| 650 | 0 | |a Men |x Psychology |v Drama. | |
| 655 | 7 | |a Romantic comedy films. |2 lcgft | |
| 655 | 7 | |a Comedy films. |2 lcgft | |
| 655 | 7 | |a Feature films. |2 lcgft | |
| 655 | 7 | |a Fiction films. |2 lcgft | |
| 655 | 7 | |a Video recordings for the hearing impaired. |2 lcgft | |
| 700 | 1 | |a Merryman, Keith. | |
| 700 | 1 | |a Packer, Will. | |
| 700 | 1 | |a Newman, David A. | |
| 700 | 1 | |a Story, Tim. | |
| 700 | 1 | |a Union, Gabrielle. | |
| 700 | 1 | |a Brown, Chris, |d 1989- | |
| 700 | 1 | |a Henson, Taraji P. | |
| 700 | 1 | |a Ealy, Michael. | |
| 700 | 1 | |a Hart, Kevin, |d 1979- | |
| 700 | 1 | |a Harvey, Steve, |d 1956- |t Act like a lady, think like a man. | |
| 710 | 2 | |a Screen Gems. | |
| 710 | 2 | |a Rainforest Films (Firm) | |
| 710 | 2 | |a Columbia Pictures. | |
| 710 | 2 | |a Sony Pictures Home Entertainment (Firm) | |
| 856 | 4 | 2 | |z Credits from Internet movie database |u http://www.imdb.com/title/tt0061789/ |t 0 |
| 948 | |a cataloged |b h |c 2012/8/29 |d c |e blrosas |f 1:33:37 pm | ||
| 949 | |a updated-AC Qatar |b h |c 2014/2/18 |e agreen | ||
| 994 | |a C0 |b TXA | ||
| 999 | |a MARS | ||
| 999 | f | f | |s 74ec6107-1c09-32e6-98cf-601ba2015209 |i 0f47297a-6b09-30de-838b-a8a05b12d9b6 |t 0 |
| 952 | f | f | |p dvd |a Texas A&M University |b College Station |c Sterling C. Evans Library |d Evans: Media and Reserves (Annex 1st floor) |t 0 |e PN1997.2 .T4794 2012 |h Library of Congress classification |i video -- videodisc |m A14841528983 |
| 998 | f | f | |a PN1997.2 .T4794 2012 |t 0 |l Evans: Media and Reserves (Annex 1st floor) |